La coproducció d'habitatge a Catalunya : orientacions per al món local / orientacions per al món local /
ISBN:
9788498039894
Descripción Física:
104 pàgines ; 24 cm.
Colección:
Estudis. Urbanisme i Habitatge
; 3
Idioma:
Catalán
MARC
| LEADER | 00000nam a22000007a 4500 | ||
|---|---|---|---|
| 001 | 25204 | ||
| 003 | Arxiu | ||
| 008 | 220315b spa||||| |||| 00| 0 cat d | ||
| 017 | |a B 14118-2021 | ||
| 020 | |a 9788498039894 | ||
| 245 | |a La coproducció d'habitatge a Catalunya : |b orientacions per al món local / |c Autoria: Marc Parés, Mara Ferreri, Eduard Cabré | ||
| 250 | |a Primera edició ; |b juliol de 2021 | ||
| 260 | |a Barcelona : |b Diputació de Barcelona ; |c 2021 | ||
| 300 | |a 104 pàgines ; |c 24 cm. | ||
| 490 | |a Estudis. Urbanisme i Habitatge |v 3 | ||
| 504 | |a Bibliografia pàgines 99-104 | ||
| 650 | 0 | |9 49057 |a Habitatge |x Catalunya | |
| 650 | 0 | |9 49059 |a Política de l'habitatge | |
| 700 | |9 12101 |a Parés, Marc |e autor | ||
| 700 | |9 52375 |a Ferreri, Mara |e autor | ||
| 700 | |a Cabré, Eduard |9 52376 | ||
| 942 | |2 udc |n 1 |c ARXIU | ||
| 952 | |0 0 |1 0 |4 0 |6 BIB475 |7 1 |9 61136 |a Arxiu |b Arxiu |d 2022-03-15 |l 0 |o Bib-475 |p 25204 |r 2022-03-15 00:00:00 |w 2022-03-15 |y ARXIU | ||
| 999 | |c 81208 |d 81208 | ||